000 00787nam a22002177a 4500
003 UA-OsUOA
001 84048
007 ta
008 20120517b un ||||| |||| 00| 0 ukr d
100 _aЧекотовський Е.В.
090 _a330(477)
_bЧ-37
942 _cSA
040 _aUA-OsUOA
_bukr
_cUA-OsUOA
_dUA-OsUOA
245 _aАбсолютні статистичні показники: історичні та теоретичні аспекти. Частина1. Зародження теорії абсолютних статистичних показників
300 _aС.74-79
955 _a0
041 _aukr
080 _a330(477)
773 0 _w84034
_tСтатистика України
_dК.
_d2012
_g1
650 7 _a330 Економіка взагалі
_2UDC
999 _c370361
_d370361